La mort d'Ivan Iliitch / (Record no. 166414)
[ view plain ]
| 000 -LEADER | |
|---|---|
| campo de control de longitud fija | 00703nam a22002055i 4500 |
| 001 - NÚMERO DE CONTROL | |
| campo de control | 166414 |
| 003 - IDENTIFICADOR DE NÚMERO DE CONTROL | |
| campo de control | ES-MaACL |
| 005 - FECHA Y HORA DE LA ÚLTIMA TRANSACCIÓN | |
| campo de control | 20240126063021.0 |
| 008 - DATOS DE LONGITUD FIJA--INFORMACIÓN GENERAL | |
| campo de control de longitud fija | 990920s1894 fr a |||| | fre d |
| 040 ## - FUENTE DE CATALOGACIÓN | |
| Centro catalogador/agencia de origen | CAM |
| Lengua de catalogación | spa |
| Centro/agencia transcriptor | CAM |
| 100 1# - ENTRADA PRINCIPAL--NOMBRE DE PERSONA | |
| Nombre de persona | Tolstói, Lev, |
| Fechas asociadas al nombre | 1828-1910 |
| 9 (RLIN) | 110489 |
| 245 13 - MENCIÓN DEL TÍTULO | |
| Título | La mort d'Ivan Iliitch / |
| Mención de responsabilidad, etc. | Tolstoi ; traduction de J. Darville ; illustrations de Marold et Mittis. |
| 260 ## - PUBLICACIÓN, DISTRIBUCIÓN, ETC. | |
| Lugar de publicación, distribución, etc. | Paris : |
| Nombre del editor, distribuidor, etc. | E. Dentu, |
| Fecha de publicación, distribución, etc. | 1894 ( |
| Fabricante | Edouard Guillaume) |
| 300 ## - DESCRIPCIÓN FÍSICA | |
| Extensión | 181 p., [2] h. de lám. : |
| Otras características físicas | il. ; |
| Dimensiones | 14 cm. |
| 700 1# - ENTRADA AGREGADA--NOMBRE PERSONAL | |
| Nombre de persona | Darville, J. |
| 9 (RLIN) | 126700 |
| 700 1# - ENTRADA AGREGADA--NOMBRE PERSONAL | |
| Nombre de persona | Marold. |
| 9 (RLIN) | 129520 |
| 700 1# - ENTRADA AGREGADA--NOMBRE PERSONAL | |
| Nombre de persona | Mittis. |
| 9 (RLIN) | 129999 |
| 852 ## - LOCALIZACIÓN | |
| Ubicación | ES-MaACL |
| Número de control de estantería | R-2928 |
| Nota libre | -- Enc. hol. |
| Encuadernación | -- Olim: F-637 |
| Estatus retirado | Estado de pérdida | Estado de daño | No para préstamo | Colección | Biblioteca de origen | Biblioteca actual | Ubicación en estantería | Fecha de adquisición | Fuente de adquisición | Total de préstamos | Signatura topográfica completa | Código de barras | Visto por última vez | Precio de reemplazo | Tipo de ítem Koha |
|---|---|---|---|---|---|---|---|---|---|---|---|---|---|---|---|
| Libros del s. XIX | Biblioteca del Ateneo de Madrid | Biblioteca del Ateneo de Madrid | Depósito | 17/01/2008 | R-2928 | 1174535 | 23/02/2023 | 23/02/2023 | Libro impreso antiguo |
